| 000 | 01338cam a2200277 a 4500 | ||
|---|---|---|---|
| 001 | 15250289 | ||
| 005 | 20130321124917.0 | ||
| 008 | 080407s2008 enk b 001 0 eng | ||
| 010 | _a 2008015650 | ||
| 015 |
_aGBA863667 _2bnb |
||
| 020 | _a0521608929 (pbk.) | ||
| 020 | _a9780521608923 (pbk.) | ||
| 020 | _a0521846463 (hardback) | ||
| 020 | _a9780521846462 (hardback) | ||
| 082 | 0 | 0 |
_a181.11 _222 _bLAI |
| 100 | 1 |
_aLai, Karyn, _d1964- _932929 |
|
| 245 | 1 | 3 |
_aAn Introduction to Chinese Philosophy / _cKaryn L. Lai. |
| 260 |
_aCambridge, UK ; _aNew York : _bCambridge University Press, _c2008. |
||
| 300 |
_axiv, 307 p. ; _c26 cm. |
||
| 440 | 0 |
_aCambridge introductions to philosophy _932930 |
|
| 504 | _aIncludes bibliographical references (p. 288-299) and index. | ||
| 505 | 0 | _aChinese philosophy -- Confucius and the Confucian concepts ren and li -- The cultivation of humanity in Confucian philosophy : Mencius and Xunzi -- Early Mohist philosophy -- Early Daoist philosophy : The Dao De Jing as a metaphysical treatise -- Early Daoist philosophy : dao, language and society -- The Mingjia and the later Mohists -- Zhuangzi's philosophy -- Legalist philosophy -- The Yijing and its place in Chinese philosophy -- Chinese Buddhism. | |
| 650 | 0 |
_aPhilosophy, Chinese. _932931 |
|
| 653 |
_bPol _cMarch2013 |
||
| 942 |
_2ddc _cBB |
||
| 999 |
_c17388 _d17360 |
||